Los dos rivales (Record no. 181276)

MARC details
000 -LEADER
campo de control de longitud fija 00906nam a2200217 i 4500
001 - NÚMERO DE CONTROL
campo de control 181276
003 - IDENTIFICADOR DE NÚMERO DE CONTROL
campo de control ES-MaACL
005 - FECHA Y HORA DE LA ÚLTIMA TRANSACCIÓN
campo de control 20250627111805.0
008 - DATOS DE LONGITUD FIJA--INFORMACIÓN GENERAL
campo de control de longitud fija 121129s1875 sp |||| | spa d
100 0# - ENTRADA PRINCIPAL--NOMBRE DE PERSONA
Nombre de persona Aimard, Gustave.
9 (RLIN) 18974
245 14 - MENCIÓN DEL TÍTULO
Título Los dos rivales
Resto del título : (episodio de la revolución mexicana de 1860) /
Mención de responsabilidad, etc. por Gustavo Aimard ; versión por Francisco Nacente.
260 ## - PUBLICACIÓN, DISTRIBUCIÓN, ETC.
Lugar de publicación, distribución, etc. Barcelona :
Nombre del editor, distribuidor, etc. Luis Tasso,
Fecha de publicación, distribución, etc. 1875.
300 ## - DESCRIPCIÓN FÍSICA
Extensión 71 p. :
Otras características físicas il. ;
Dimensiones 29 cm.
490 1# - MENCIÓN DE SERIE
Mención de serie Biblioteca de El Plus Ultra. Novelas escogidas de Gustavo Aimard
700 1# - ENTRADA AGREGADA--NOMBRE PERSONAL
Nombre de persona Ortiz de la Puebla, Vicente.
9 (RLIN) 87594
830 0# - PUNTO DE ACCESO ADICIONAL DE SERIE-TÍTULO UNIFORME
Título uniforme Biblioteca de El Plus Ultra. Novelas escogidas de Gustavo Aimard
9 (RLIN) 191423
852 ## - LOCALIZACIÓN
Ubicación ES-MaACL
Número de control de estantería Fol-Laf-38
Nota libre .- Legado M. de La Fuente
856 ## - LOCALIZACIÓN Y ACCESO ELECTRÓNICOS
Identificador Uniforme de Recursos <a href="http://bdh-rd.bne.es/viewer.vm?id=0000298277&page=1">http://bdh-rd.bne.es/viewer.vm?id=0000298277&page=1</a>
Texto de enlace Versión en línea
Nota pública Biblioteca Digital Hispánica
942 ## - ELEMENTOS DE ENTRADA SECUNDARIOS (KOHA)
Fuente del sistema de clasificación o colocación Clasificación decimal universal
Holdings
Estatus retirado Estado de pérdida Estado de daño No para préstamo Colección Biblioteca de origen Biblioteca actual Ubicación en estantería Fecha de adquisición Fuente de adquisición Total de préstamos Signatura topográfica completa Código de barras Visto por última vez Precio de reemplazo Tipo de ítem Koha
        Colección de folletos Biblioteca del Ateneo de Madrid Biblioteca del Ateneo de Madrid Depósito folletos 29/11/2012     Fol-Laf-38 1190498 23/02/2023 23/02/2023 Folleto